Các nhân tố ảnh hưởng đến khả năng tiếp cận tín dụng chính thức của các doanh nghiệp nhỏ và vừa trên địa bàn thành phố Cần Thơ : Luận văn tốt nghiệp Thạc sĩ. Chuyên ngành Tài chính - Ngân hàng

Phân tích các nhân tố ảnh hưởng đến khả năng tiếp cận tín dụng chính thức; Đồng thời tìm ra các giải pháp nâng cao khả năn tiếp cận tín dụng của các doanh nghiệp nhỏ và vừa tại thành phố Cần Thơ....

全面介绍

Đã lưu trong:
书目详细资料
主要作者: Phạm, Diễm Khánh Tường
格式: 图书
语言:Undetermined
出版: Cần Thơ Trường Đại học Cần Thơ 2019
主题:
标签: 添加标签
没有标签, 成为第一个标记此记录!
Thư viện lưu trữ: Trung tâm Học liệu Trường Đại học Cần Thơ
LEADER 01235nam a2200217Ia 4500
001 CTU_232740
008 210402s9999 xx 000 0 und d
082 |a 332.7 
082 |b T561 
088 |a 8340201 
100 |a Phạm, Diễm Khánh Tường 
245 0 |a Các nhân tố ảnh hưởng đến khả năng tiếp cận tín dụng chính thức của các doanh nghiệp nhỏ và vừa trên địa bàn thành phố Cần Thơ : 
245 0 |b Luận văn tốt nghiệp Thạc sĩ. Chuyên ngành Tài chính - Ngân hàng 
245 0 |c Phạm Diễm Khánh Tường ; Đỗ Văn Xê (Cán bộ hướng dẫn) 
260 |a Cần Thơ 
260 |b Trường Đại học Cần Thơ 
260 |c 2019 
520 |a Phân tích các nhân tố ảnh hưởng đến khả năng tiếp cận tín dụng chính thức; Đồng thời tìm ra các giải pháp nâng cao khả năn tiếp cận tín dụng của các doanh nghiệp nhỏ và vừa tại thành phố Cần Thơ. 
650 |a Credit,Tín dụng 
910 |b nthai 
980 |a Trung tâm Học liệu Trường Đại học Cần Thơ